Current NFL QBs' Colleges - Statistics

General Stats
  • This quiz has been taken 4,812 times
    3,402 since last reset
  • The average score is 29 of 32
Answer Stats
QB NFL Team College % Correct
Joe Burrow Bengals LSU
99%
Shedeur Sanders Browns Colorado
98%
Caleb Williams Bears USC
98%
Baker Mayfield Buccaneers Oklahoma
97%
Bo Nix Broncos Oregon
96%
Patrick Mahomes Chiefs Texas Tech
96%
Josh Allen Bills Wyoming
96%
Tua Tagovailoa Dolphins Alabama
95%
Trevor Lawrence Jaguars Clemson
95%
Bryce Young Panthers Alabama
94%
Lamar Jackson Ravens Louisville
94%
JJ McCarthy Vikings Michigan
94%
Drake Maye Patriots North Carolina
94%
Cam Ward Titans Miami
93%
Jalen Hurts Eagles Oklahoma
93%
Jaxson Dart Giants Ole Miss
93%
Justin Herbert Chargers Oregon
93%
Justin Fields Jets Ohio State
92%
CJ Stroud Texans Ohio State
92%
Michael Penix Jr. Falcons Washington
92%
Aaron Rodgers Steelers California
91%
Brock Purdy 49ers Iowa State
90%
Marcus Mariota Commanders Oregon
90%
Matthew Stafford Rams Georgia
87%
Jared Goff Lions California
86%
Sam Darnold Seahawks USC
85%
Dak Prescott Cowboys Mississippi State
84%
Daniel Jones Colts Duke
79%
Jordan Love Packers Utah State
78%
Tyler Shough Saints Louisville
75%
Geno Smith Raiders West Virginia
73%
Jacoby Brissett Cardinals NC State
49%
No matching quizzes found
Score Distribution
Percent of People with Each Score
Percentile by Number Answered
Your Score History
You have not taken this quiz since the last reset